04495cam a2200385 i 45000010009000000050017000090080041000260100017000670200018000840200018001020420008001200430012001280820017001400840034001571000016001912450073002072600049002802640053003292640011003823000040003933360026004333370028004593380027004875040067005145201518005815201606020996500013037056500029037186500018037476500043037656500028038086500098038366500041039347760134039752265838620250404120312.0220617t20232023njua b 001 0 eng  a 2022021218 a9780691175300 z9780691241012 apcc an-us---00a388.3240 LEV aSOC063000aTRA0011502bisacsh1 aLevy, Karen10aData Driven: Truckers Technology And The New Workplace Surveillance aNew JerseybPrinceton Univeinrity Presc2023 1aPrinceton :bPrinceton University Press,c[2023] 4c©2023 a231 pages :billustrations ;c25 cm atextbtxt2rdacontent aunmediatedbn2rdamedia avolumebnc2rdacarrier aIncludes bibliographical references (pages 175-219) and index. a"Long-haul truckers are the backbone of the American economy, transporting goods under grueling conditions and immense economic pressure. Truckers have long valued the day-to-day independence of their work, sharing a strong occupational identity rooted in a tradition of autonomy. Yet these workers increasingly find themselves under many watchful eyes. Data Driven examines how digital surveillance is upending life and work on the open road, and raises crucial questions about the role of data collection in broader systems of social control. Karen Levy takes readers inside a world few ever see, painting a bracing portrait of one of the last great American frontiers. Federal regulations now require truckers to buy and install digital monitors that capture data about their locations and behaviors. Intended to address the pervasive problem of trucker fatigue by regulating the number of hours driven each day, these devices support additional surveillance by trucking firms and other companies. Traveling from industry trade shows to law offices and truck-stop bars, Levy reveals how these invasive technologies are reconfiguring industry relationships and providing new tools for managerial and legal control-and how truckers are challenging and resisting them. Data Driven contributes to an emerging conversation about how technology affects our work, institutions, and personal lives, and helps to guide our thinking about how to protect public interests and safeguard human dignity in the digital age"-- a"A behind-the-scenes look at how digital surveillance is affecting the trucking way of lifeLong-haul truckers are the backbone of the American economy, transporting goods under grueling conditions and immense economic pressure. Truckers have long valued the day-to-day independence of their work, sharing a strong occupational identity rooted in a tradition of autonomy. Yet these workers increasingly find themselves under many watchful eyes. Data Driven examines how digital surveillance is upending life and work on the open road, and raises crucial questions about the role of data collection in broader systems of social control.Karen Levy takes readers inside a world few ever see, painting a bracing portrait of one of the last great American frontiers. Federal regulations now require truckers to buy and install digital monitors that capture data about their locations and behaviors. Intended to address the pervasive problem of trucker fatigue by regulating the number of hours driven each day, these devices support additional surveillance by trucking firms and other companies. Traveling from industry trade shows to law offices and truck-stop bars, Levy reveals how these invasive technologies are reconfiguring industry relationships and providing new tools for managerial and legal control-and how truckers are challenging and resisting them.Data Driven contributes to an emerging conversation about how technology affects our work, institutions, and personal lives, and helps to guide our thinking about how to protect public interests and safeguard human dignity in the digital age"-- 0aTrucking 0aSupervision of employees 0aTruck drivers 0aElectronic monitoring in the workplace 0aElectronic surveillance 7aSOCIAL SCIENCE / Privacy & Surveillance (see also POLITICAL SCIENCE / Privacy & Surveillance) 7aTRANSPORTATION / Automotive / Trucks08iOnline version:aLevy, Karen, 1981-tData drivendPrinceton : Princeton University Press, [2023]z9780691241012w(DLC) 2022021219